LEADER 00942nam a2200241 i 4500 001 000000174649 003 CaOOAMICUS 005 20220711141945.0 008 080923s1930 sw u000 u ger u 013 $a152125 040 $aSeMil$bita 100 1 $aUrsing, Urban.$0(OLS)http://semarc/name/65186 245 10$aStudien zur griechischen Fabel /$c[Akademische Abhandlung...] von Urban Ursing. 264 1$aLund :$bH. Ohlsson Buchdruckerei,$c1930. 300 $a109 p. ;$c23 cm. 650 4$aFavola - Analisi.$0(OLS)http://semarc/subject/52624 650 4$aFavole greche.$0(OLS)http://semarc/subject/33297 850 $aSeMil 852 $aSeMil$W1$xVenegono$y1$m1Z V 132$j125485$B125485$CSeMilBibl$Z2$F136440 $81 961 $aRecupero: Altro 996 $6245$aStudien zur griechischen Fabel$9(OLS)http://semarc/title/250394 996 $6264$aLund :$bH. Ohlsson Buchdruckerei$9(OLS)http://semarc/publisher/49327 LEADER 01142nam a2200277 i 4500 001 000000109863 003 CaOOAMICUS 005 20021115000000.0 008 021115s1979 it u000 u ita u 013 $a82544 040 $aSeMil$bita 100 0 $aAristophanes,$d<445-385 a.C.>.$0(OLS)http://semarc/name/3333 245 14$aGli Acarnesi. Le Nuvole. Le Vespe. Gli Uccelli /$cAristofane. 260 $aMilano :$bGarzanti,$c1979. 300 $aXLVII, 278 p.; 18 cm. 490 0 $aI Garzanti - I Grandi Libri ;$v231 500 $aContiene : profilo storico-critico dell'autore e dell'opera. 650 4$aGrecia antica - Teatro - Testi.$0(OLS)http://semarc/subject/16335 830 2$aI grandi libri Garzanti ;$v231.$0(OLS)http://semarc/title/9892 850 $aSeMil 852 $aSeMil$W1$xVenegono$y1$m60 14 231 *$j65795$B65795$CSeMilBibl$Z2$F73018 $81 900 0 $aAristofane. 961 $aRecupero: Biblioteca Seminario Liceale 996 $6245$aGli Acarnesi. Le Nuvole. Le Vespe. Gli Uccelli$9(OLS)http://semarc/title/159559 996 $6260$aMilano :$bGarzanti$9(OLS)http://semarc/publisher/29852 LEADER 01288nam a2200253 i 4500 001 000000222396 003 CaOOAMICUS 005 20260119121429.0 008 131121s1976 xxu u000 u eng u 040 $aSeMil$bita 110 2 $aChiesa Cattolica.$0(OLS)http://semarc/name/987 245 10$aChristian prayer :$bthe Liturgy of the hours : Morning prayer, Daytime prayer, Evening prayer, Night prayer, Office of readings (selection) 264 1$aBoston :$bDaughters of St. Paul,$c1976. 300 $a1758 p. :$billustrazioni ;$c18 cm. 500 $aIn testa al front. : The Divine office, revised by decree of the Second Vatican Ecumenical Council and published by authority of Pope Paul 6. 650 4$aLiturgia delle ore - Commenti e studi.$0(OLS)http://semarc/subject/10767 850 $aSeMil 852 $aSeMil$W1$xVenegono$y1$m3KK I 18$j266225$B172742$CSeMilBibl$Z2$F185728 $81 910 2 $aSanta Sede. 961 $aOmaggio: Bressan don Luca 996 $6245$aChristian prayer :$bthe Liturgy of the hours : Morning prayer, Daytime prayer, Evening prayer, Night prayer, Office of readings (selection)$9(OLS)http://semarc/title/318759 996 $6264$aBoston :$bDaughters of St. Paul$9(OLS)http://semarc/publisher/53262